[Event "Reykjavik Open"]
[Site "Reykjavik ISL"]
[Date "2008.03.10"]
[EventDate "2008.03.03"]
[Round "8"]
[Result "0-1"]
[White "Elisabeth Paehtz"]
[Black "Antoaneta Stefanova"]
[WhiteElo "2420"]
[BlackElo "2464"]
[PlyCount "148"]

1. e4 e5 2. Nf3 Nc6 3. c3 d5 4. Qa4 f6 5. Bb5 Nge7 6. exd5
Qxd5 7. d4 Bg4 8. Bc4 Qd7 9. dxe5 Nxe5 10. Qxd7+ Nxd7 11. Nd4
Ne5 12. Bb5+ c6 13. Be2 Bxe2 14. Kxe2 Kf7 15. f4 Nc4 16. Re1
Nd5 17. Kd3 Ncb6 18. g3 Rd8 19. Kc2 Bc5 20. Nb3 Bf2 21. Re2
Bg1 22. N1d2 Rhe8 23. Ne4 Be3 24. Bxe3 Rxe4 25. Rae1 Rde8
26. Kd3 Rxe3+ 27. Rxe3 Rxe3+ 28. Rxe3 Nxe3 29. Kxe3 Nc4+
30. Ke2 Nxb2 31. Na5 Ke6 32. Nxb7 Kd5 33. Kd2 c5 34. Kc2 Nc4
35. Kd3 Nb6 36. Nd8 c4+ 37. Ke3 Na4 38. Kd2 Nc5 39. a3 a6
40. Ke3 Na4 41. Kd2 Nc5 42. Ke3 g6 43. g4 a5 44. h4 a4 45. g5
f5 46. Nf7 Ne4 47. Ne5 Nxc3 48. Nd7 Nd1+ 49. Ke2 Nb2 50. Nf6+
Kd4 51. Nxh7 Nd3 52. Nf8 Nxf4+ 53. Kd2 c3+ 54. Kc2 Nd5
55. Nxg6 f4 56. h5 f3 57. Nh4 Ne3+ 58. Kc1 f2 59. Nf3+ Kd3
60. Nh2 Nc4 61. h6 Na5 62. h7 Nb3+ 63. Kb1 c2+ 64. Ka2 c1=Q
65. h8=Q Qc2+ 66. Qb2 Nd2 67. Ka1 Qc6 68. Nf1 Nxf1 69. Qxf2
Qc1+ 70. Ka2 Qc4+ 71. Ka1 Ne3 72. g6 Nc2+ 73. Kb2 Qb3+ 74. Kc1
Qxa3+ 0-1

[Event "European Individual Championship (Women)"]
[Site "Plovdiv BUL"]
[Date "2008.04.22"]
[EventDate "2008.04.21"]
[Round "2"]
[Result "1/2-1/2"]
[White "Sophie Milliet"]
[Black "Antoaneta Stefanova"]
[WhiteElo "2354"]
[BlackElo "2538"]
[PlyCount "27"]

1. e4 e5 2. Nf3 Nc6 3. Bb5 Nf6 4. O-O Nxe4 5. d4 Nd6 6. dxe5
Nxb5 7. a4 Nbd4 8. Nxd4 Nxd4 9. Qxd4 d5 10. exd6 Qxd6 11. Qe4+
Qe6 12. Qd4 Qd6 13. Qe4+ Qe7 14. Qe2 1/2-1/2

[Event "European Individual Championship (Women)"]
[Site "Plovdiv BUL"]
[Date "2008.04.23"]
[EventDate "2008.04.21"]
[Round "3"]
[Result "1-0"]
[White "Antoaneta Stefanova"]
[Black "Olga Zimina"]
[WhiteElo "2538"]
[BlackElo "2363"]
[PlyCount "73"]

1. d4 d5 2. c4 e6 3. Nf3 c6 4. Qc2 Nf6 5. Bg5 h6 6. Bh4 dxc4
7. Qxc4 b5 8. Qc2 Bb7 9. e3 Nbd7 10. Nbd2 Rc8 11. Be2 a6
12. a4 Be7 13. O-O b4 14. Bxf6 Nxf6 15. Nb3 c5 16. Nxc5 Qc7
17. Qd2 Bxc5 18. dxc5 Qxc5 19. Rfc1 Qe7 20. Rxc8+ Bxc8 21. Ne5
Bb7 22. a5 O-O 23. Nd3 b3 24. Qb4 Qxb4 25. Nxb4 Ra8 26. Ra3
Rc8 27. f3 Rc5 28. e4 Nd7 29. Kf2 Kf8 30. Ke3 Rh5 31. Nxa6
Rxh2 32. Nc7 Rxg2 33. a6 Bc6 34. a7 Ke7 35. Rxb3 f5 36. Bb5 e5
37. exf5 1-0

[Event "European Individual Championship (Women)"]
[Site "Plovdiv BUL"]
[Date "2008.04.24"]
[EventDate "2008.04.21"]
[Round "4"]
[Result "0-1"]
[White "Jolanta Zawadzka"]
[Black "Antoaneta Stefanova"]
[WhiteElo "2397"]
[BlackElo "2538"]
[PlyCount "92"]

1. e4 e5 2. Nf3 Nc6 3. Bb5 a6 4. Ba4 Nf6 5. O-O Bc5 6. c3 b5
7. Bb3 d6 8. a4 Bg4 9. axb5 axb5 10. Rxa8 Qxa8 11. h3 Bh5
12. d4 Bb6 13. d5 Na5 14. Bc2 O-O 15. Bg5 Nxe4 16. Bxe4 f5
17. Bd3 e4 18. Bxb5 exf3 19. Re1 f4 20. gxf3 Rf5 21. Be7 Qxd5
22. Qxd5+ Rxd5 23. Ba6 Bf7 24. Na3 Rd2 25. Re2 Rxe2 26. Bxe2
h6 27. Bb5 Bd5 28. b4 Nc6 29. Bxc6 Bxc6 30. Bd8 Kf7 31. Nc4
Ke8 32. Nxb6 Kxd8 33. Nc4 Bxf3 34. Nd2 Bd5 35. f3 Ke7 36. Kf2
Kf6 37. Nb1 Kg5 38. Na3 Bc6 39. Kg2 Kh4 40. c4 Bd7 41. Kh2 g6
42. c5 dxc5 43. bxc5 Bxh3 44. c6 Bf1 45. Nc2 Kg5 46. Nb4 Bc4
0-1

[Event "European Individual Championship (Women)"]
[Site "Plovdiv BUL"]
[Date "2008.04.27"]
[EventDate "2008.04.21"]
[Round "7"]
[Result "1-0"]
[White "Antoaneta Stefanova"]
[Black "Elisabeth Paehtz"]
[WhiteElo "2538"]
[BlackElo "2449"]
[PlyCount "135"]

1. d4 d6 2. e4 e5 3. Nf3 Nd7 4. Bc4 Be7 5. dxe5 Nxe5 6. Nxe5
dxe5 7. Qh5 g6 8. Qxe5 Nf6 9. Bh6 Qd6 10. Qxd6 cxd6 11. Nc3
Be6 12. Bb5+ Kd8 13. f3 a6 14. Be2 Rc8 15. O-O-O Kc7 16. g4
Rhd8 17. Be3 Kb8 18. Kb1 Rc6 19. Rhg1 Rdc8 20. Bd4 g5 21. h4
h6 22. hxg5 hxg5 23. Rh1 Nd7 24. Rh6 Ne5 25. Rdh1 Bd8 26. Rh8
Bf6 27. R8h6 Bd8 28. R1h5 Ng6 29. Bd1 Nf4 30. Rh1 Bc4 31. Bf6
Ng6 32. Bxd8 Rxd8 33. Rh7 Rc5 34. Na4 Re5 35. Nb6 Be6 36. c4
Rc5 37. b3 Re8 38. Be2 Nf4 39. Bf1 Rc6 40. Na4 Rec8 41. Rh8
Rxh8 42. Rxh8+ Rc8 43. Rh7 Kc7 44. Kc2 Kc6 45. Nc3 Kd7 46. Kd2
Ke7 47. Ne2 Nxe2 48. Bxe2 Rc5 49. Rh8 Rc8 50. Rh5 Kf6 51. Bd3
Rc5 52. Rh8 Rc8 53. Rh6+ Kg7 54. Rh5 Kf6 55. Ke3 a5 56. f4
gxf4+ 57. Kxf4 b6 58. Rb5 Rb8 59. Be2 Bd7 60. Rh5 Be6 61. g5+
Kg7 62. Rh6 Re8 63. a4 Re7 64. Bf1 Re8 65. Bh3 f6 66. Bxe6
Rxe6 67. Ke3 Kf7 68. gxf6 1-0

[Event "European Individual Championship (Women)"]
[Site "Plovdiv BUL"]
[Date "2008.04.29"]
[EventDate "2008.04.21"]
[Round "8"]
[Result "1-0"]
[White "Anna Ushenina"]
[Black "Antoaneta Stefanova"]
[WhiteElo "2474"]
[BlackElo "2538"]
[PlyCount "69"]

1. d4 d5 2. c4 c6 3. Nc3 Nf6 4. Nf3 e6 5. e3 a6 6. Qc2 c5
7. cxd5 exd5 8. Be2 Nc6 9. O-O Nb4 10. Qd1 Ne4 11. dxc5 Nxc3
12. bxc3 Nc6 13. Qb3 Na5 14. Qa4+ Bd7 15. Qf4 Be6 16. Ng5 Bxc5
17. Nxe6 fxe6 18. Bh5+ g6 19. Bg4 Bd6 20. Qd4 Kf7 21. e4 Nc6
22. Bxe6+ Kxe6 23. exd5+ Kf7 24. dxc6 Qc7 25. Bh6 Bxh2+
26. Kh1 Be5 27. Qc4+ Kf6 28. f4 Bd6 29. Qd4+ Kf5 30. Bg7 Bxf4
31. Bxh8 bxc6 32. g4+ Kxg4 33. Rxf4+ Qxf4 34. Rg1+ Kf5
35. Qf6+ 1-0

[Event "European Individual Championship (Women)"]
[Site "Plovdiv BUL"]
[Date "2008.04.30"]
[EventDate "2008.04.21"]
[Round "9"]
[Result "0-1"]
[White "Antoaneta Stefanova"]
[Black "Almira Skripchenko"]
[WhiteElo "2538"]
[BlackElo "2443"]
[PlyCount "56"]

1. d4 d6 2. g3 g6 3. Bg2 Bg7 4. e4 Nd7 5. Ne2 e5 6. Be3 Ngf6
7. h3 exd4 8. Bxd4 O-O 9. c4 a6 10. Nbc3 Re8 11. Qc2 Ne5
12. Nd5 c5 13. Bc3 Nxd5 14. cxd5 b5 15. O-O b4 16. Bd2 a5
17. f4 Nd7 18. Rae1 Ba6 19. g4 Nb6 20. Kh2 Nxd5 21. e5 dxe5
22. f5 Rc8 23. g5 Nf4 24. Bxf4 exf4 25. f6 Bf8 26. Bf3 Bd3
27. Qa4 c4 28. Kg2 Rc5 0-1

[Event "European Individual Championship (Women)"]
[Site "Plovdiv BUL"]
[Date "2008.05.01"]
[EventDate "2008.04.21"]
[Round "10"]
[Result "0-1"]
[White "Jana Jackova"]
[Black "Antoaneta Stefanova"]
[WhiteElo "2345"]
[BlackElo "2538"]
[PlyCount "58"]

1. e4 e5 2. Nf3 Nc6 3. Bc4 Bc5 4. c3 Nf6 5. d3 Bb6 6. O-O d6
7. a4 a6 8. Be3 Bxe3 9. fxe3 O-O 10. Nbd2 Ne7 11. Nh4 d5
12. exd5 Nexd5 13. Qf3 c6 14. e4 Nf4 15. g3 Qb6+ 16. d4 exd4
17. gxf4 dxc3+ 18. Kh1 cxd2 19. e5 Ne8 20. f5 Qd4 21. Qf4 Qxf4
22. Rxf4 b5 23. axb5 cxb5 24. Bd5 Ra7 25. Rd4 Rd7 26. Nf3 Nc7
27. Bb3 Rxd4 28. Nxd4 Rd8 29. Nf3 Bxf5 0-1

[Event "European Individual Championship (Women)"]
[Site "Plovdiv BUL"]
[Date "2008.05.02"]
[EventDate "2008.04.21"]
[Round "11"]
[Result "1-0"]
[White "Antoaneta Stefanova"]
[Black "Eva Moser"]
[WhiteElo "2538"]
[BlackElo "2395"]
[PlyCount "95"]

1. d4 e6 2. Nf3 f5 3. Bf4 Nf6 4. e3 Be7 5. h3 O-O 6. Bd3 b6
7. g4 Bb7 8. gxf5 exf5 9. Rg1 Ne4 10. Nbd2 Bf6 11. c3 d6
12. Qe2 Nd7 13. O-O-O Kh8 14. Nh2 Qe8 15. Nhf1 Qf7 16. f3 Nxd2
17. Nxd2 Qh5 18. Bc2 Bh4 19. Qc4 Rac8 20. Qa4 Nf6 21. Qxa7 Bc6
22. c4 Rf7 23. Qa3 Ra8 24. Qd3 Rxa2 25. Kb1 Ra5 26. Rdf1 Rf8
27. Nb3 Raa8 28. Qxf5 Qxf5 29. Bxf5 Nh5 30. Be4 d5 31. cxd5
Ba4 32. Rg4 Nxf4 33. Rxh4 Bxb3 34. Rxh7+ Kg8 35. Rg1 Rf7
36. exf4 Re8 37. Rh5 Rxf4 38. Bh7+ Kf8 39. Bg6 Rd8 40. Be4 Rd6
41. Rh8+ Kf7 42. Rh7 Bxd5 43. Rgxg7+ Kf8 44. Rxc7 Bf7 45. Rc8+
Ke7 46. d5 Rdf6 47. Rc6 Kf8 48. Kc1 1-0

[Event "President's Cup"]
[Site "Baku AZE"]
[Date "2008.05.12"]
[EventDate "2008.05.12"]
[Round "1"]
[Result "0-1"]
[White "Misratdin Iskandarov"]
[Black "Antoaneta Stefanova"]
[WhiteElo "2061"]
[BlackElo "2538"]
[PlyCount "62"]

1. e4 e5 2. Nf3 Nc6 3. Bb5 a6 4. Ba4 Nf6 5. d4 Nxd4 6. Nxe5
Ne6 7. Nc3 Bb4 8. O-O Bxc3 9. bxc3 Qe7 10. Bb3 Nxe4 11. Qg4
Nf6 12. Qg3 d6 13. Nd3 O-O 14. Re1 Qd8 15. f4 Nc5 16. Nxc5
dxc5 17. Be3 Qd6 18. Rad1 Qc6 19. Bf2 c4 20. Bd4 cxb3 21. cxb3
b6 22. Re5 Rd8 23. Rg5 g6 24. Qh4 Bb7 25. Re1 Ne4 26. Rg4 Rxd4
27. cxd4 f5 28. Rg3 Nxg3 29. Qxg3 Re8 30. Rxe8+ Qxe8 31. h3
Qe4 0-1

[Event "President's Cup"]
[Site "Baku AZE"]
[Date "2008.05.15"]
[EventDate "2008.05.12"]
[Round "4"]
[Result "1-0"]
[White "Antoaneta Stefanova"]
[Black "Mohsen Vaghar"]
[WhiteElo "2538"]
[BlackElo "2225"]
[PlyCount "57"]

1. d4 Nf6 2. Bg5 h6 3. Bxf6 exf6 4. c4 Bb4+ 5. Nc3 Bxc3+
6. bxc3 f5 7. e3 Qe7 8. Bd3 g6 9. Qf3 d6 10. Ne2 Nd7 11. O-O
Nf6 12. Ng3 O-O 13. Rae1 Re8 14. e4 fxe4 15. Nxe4 Nxe4
16. Rxe4 Qf8 17. h4 Rxe4 18. Bxe4 c6 19. h5 f5 20. Bd3 g5
21. g4 fxg4 22. Qe4 Qf7 23. f4 d5 24. cxd5 cxd5 25. Qe5 gxf4
26. Bg6 Qe6 27. Qxf4 Qe7 28. Qxh6 Bd7 29. Bf7+ 1-0

[Event "President's Cup"]
[Site "Baku AZE"]
[Date "2008.05.16"]
[EventDate "2008.05.12"]
[Round "5"]
[Result "0-1"]
[White "Orkhan Abdulov"]
[Black "Antoaneta Stefanova"]
[WhiteElo "2323"]
[BlackElo "2538"]
[PlyCount "66"]

1. e4 e5 2. Nf3 Nc6 3. Bb5 a6 4. Ba4 Nf6 5. O-O Bc5 6. c3 b5
7. Bb3 d6 8. d4 Bb6 9. a4 Bg4 10. Bg5 Rb8 11. axb5 axb5
12. Bd5 Ne7 13. dxe5 Nfxd5 14. exd6 Qxd6 15. exd5 f6 16. Bh4
Qxd5 17. Qe2 Bxf3 18. gxf3 Kf7 19. Na3 Rhe8 20. Rad1 Qh5
21. Bg3 Nf5 22. Rd7+ Kg8 23. Qd3 Qh3 24. f4 c6 25. Rd1 Ne3
26. fxe3 Rxe3 27. Qxe3 Bxe3+ 28. Kh1 Qg4 29. Kg2 Qe2+ 30. Kh3
h5 31. R7d3 Re8 32. Nb1 Qg4+ 33. Kg2 h4 0-1

[Event "President's Cup"]
[Site "Baku AZE"]
[Date "2008.05.17"]
[EventDate "2008.05.12"]
[Round "6"]
[Result "1-0"]
[White "Gadir Guseinov"]
[Black "Antoaneta Stefanova"]
[WhiteElo "2625"]
[BlackElo "2538"]
[PlyCount "73"]

1. e4 e5 2. Nf3 Nc6 3. Bb5 a6 4. Bxc6 dxc6 5. O-O Qf6 6. d4
exd4 7. Bg5 Qd6 8. Qxd4 Bg4 9. Nbd2 f6 10. Qxd6 cxd6 11. Bf4
O-O-O 12. Rfd1 f5 13. exf5 Ne7 14. Re1 Nxf5 15. h3 Bxf3
16. Nxf3 h6 17. g4 Ne7 18. Nd4 g5 19. Bg3 Kd7 20. Rad1 d5
21. Ne6 Re8 22. c4 Kc8 23. Bd6 Kd7 24. Bg3 Kc8 25. Nc7 Rd8
26. cxd5 Nxd5 27. Nxd5 Rxd5 28. Rxd5 cxd5 29. Re8+ Kd7 30. Rb8
Ke6 31. Rxb7 d4 32. Kf1 h5 33. Ke2 h4 34. Bb8 Be7 35. Ba7 Rd8
36. Kd3 Rd5 37. Rb6+ 1-0

[Event "President's Cup"]
[Site "Baku AZE"]
[Date "2008.05.18"]
[EventDate "2008.05.12"]
[Round "7"]
[Result "1-0"]
[White "Antoaneta Stefanova"]
[Black "Asif Hasanov"]
[WhiteElo "2538"]
[BlackElo "2344"]
[PlyCount "51"]

1. d4 d5 2. Bf4 Nf6 3. e3 g6 4. c4 c6 5. Nc3 Bg7 6. Rc1 O-O
7. h3 Qa5 8. Qd2 dxc4 9. Bxc4 b5 10. Bb3 Bb7 11. Nf3 c5
12. O-O cxd4 13. Nd5 Qxd2 14. Nxe7+ Kh8 15. Nxd2 dxe3 16. Bxe3
Na6 17. Nc6 Rae8 18. Nxa7 Nd5 19. Nxb5 Nxe3 20. fxe3 Rxe3
21. Nd6 Bd4 22. Nxf7+ Kg7 23. Kh2 Nc5 24. Bc4 h6 25. b4 Ne6
26. Bxe6 1-0

[Event "President's Cup"]
[Site "Baku AZE"]
[Date "2008.05.19"]
[EventDate "2008.05.12"]
[Round "8"]
[Result "1/2-1/2"]
[White "Antoaneta Stefanova"]
[Black "Arkadij Naiditsch"]
[WhiteElo "2538"]
[BlackElo "2624"]
[PlyCount "150"]

1. d4 Nf6 2. Bg5 d5 3. e3 c5 4. Nf3 Ne4 5. Bf4 Qb6 6. Qc1 Nc6
7. c3 f6 8. Nfd2 Nxd2 9. Nxd2 cxd4 10. exd4 e5 11. dxe5 fxe5
12. Bg3 Be7 13. Bd3 O-O 14. O-O Bg5 15. Qc2 e4 16. Be2 Be6
17. Rad1 Rae8 18. Qb3 Bd8 19. Qxb6 Bxb6 20. Bd6 Rf6 21. Nb3
Bf7 22. Bc5 Bc7 23. Be3 Ne5 24. Nd4 a6 25. Kh1 Ng6 26. Rfe1
Nf4 27. Bf1 h5 28. Nc2 a5 29. Bd4 Rg6 30. Ne3 h4 31. Nf5 Rg5
32. Nxh4 Rh5 33. g3 Rxh4 34. gxh4 Bh5 35. Bg2 Rf8 36. Be3 Nd3
37. Rxd3 exd3 38. Bxd5+ Kh8 39. Be4 Be2 40. Rg1 Bf4 41. Bd4
Bh6 42. Rg6 Kg8 43. Bd5+ Kh7 44. Be4 Bf3+ 45. Bxf3 Kxg6
46. Be4+ Kh5 47. Bxd3 Bc1 48. b3 Bb2 49. Kg2 Kxh4 50. a4 Rc8
51. Bc4 b5 52. axb5 a4 53. bxa4 Rxc4 54. b6 Rxd4 55. cxd4 Bxd4
56. b7 Be5 57. a5 Kg4 58. a6 Bb8 59. f3+ Kh4 60. Kf2 Ba7+
61. Ke2 Kg5 62. Kd3 Kf4 63. Kc4 Ke5 64. Kb5 Kd6 65. h4 Kc7
66. h5 Be3 67. Kc4 Bf4 68. Kd5 Kb6 69. Ke4 Bd6 70. Kf5 Kxa6
71. Kg6 Kxb7 72. Kxg7 Kc6 73. h6 Kd5 74. Kf6 Be5+ 75. Kf5 Kd6
1/2-1/2

[Event "North Urals Cup"]
[Site "Krasnoturinsk RUS"]
[Date "2008.07.27"]
[EventDate "2008.07.27"]
[Round "1"]
[Result "0-1"]
[White "Koneru Humpy"]
[Black "Antoaneta Stefanova"]
[WhiteElo "2622"]
[BlackElo "2550"]
[PlyCount "92"]

1. d4 d5 2. c4 c6 3. Nf3 Nf6 4. Nc3 e6 5. e3 a6 6. b3 Bb4
7. Bd2 Nbd7 8. Bd3 O-O 9. O-O Qe7 10. Qe1 a5 11. a3 Bd6 12. c5
Bc7 13. e4 e5 14. exd5 cxd5 15. Nb5 Bb8 16. dxe5 Ne4 17. Bxa5
Nxe5 18. Nxe5 Bxe5 19. Ra2 Nxc5 20. Bb1 Bd7 21. Nc7 Rxa5
22. Qxa5 Qd6 23. f4 Qxc7 24. Qd2 Bf6 25. Qc2 g6 26. b4 Bd4+
27. Kh1 Bf5 28. Qd2 Bxb1 29. Rxb1 Ne6 30. f5 gxf5 31. Rc2 Qd6
32. Re1 Bg7 33. Qd3 f4 34. Rec1 Qd7 35. b5 Nd4 36. Rb2 Re8
37. Rb4 Qe6 38. Rf1 Ne2 39. b6 d4 40. Qb5 Qe3 41. Rb3 Nc3
42. Qd7 Qe2 43. Rg1 d3 44. Rb2 Qe3 45. Rf1 Ne2 46. Rb3 Re6 0-1

[Event "North Urals Cup"]
[Site "Krasnoturinsk RUS"]
[Date "2008.07.28"]
[EventDate "2008.07.27"]
[Round "2"]
[Result "1-0"]
[White "Antoaneta Stefanova"]
[Black "Natalia Pogonina"]
[WhiteElo "2550"]
[BlackElo "2469"]
[PlyCount "122"]

1. d4 Nf6 2. c4 c5 3. d5 b5 4. Qc2 bxc4 5. e4 g6 6. Bxc4 d6
7. Nf3 Bg7 8. O-O O-O 9. h3 Nbd7 10. Nc3 Rb8 11. Re1 Bb7
12. Bf4 Ne8 13. a3 Nc7 14. Rad1 Nb6 15. Ba2 Ba6 16. Nd2 Nb5
17. Nxb5 Bxb5 18. e5 Ba4 19. b3 Bb5 20. exd6 exd6 21. Ne4 Nc8
22. Nxc5 Rb6 23. Ne4 h6 24. Be3 Rb7 25. Bd4 Bxd4 26. Rxd4 Bd7
27. Qd2 Kh7 28. Qf4 Bf5 29. Ng3 Bd7 30. b4 Kg7 31. Rde4 Rc7
32. Qd2 Qf6 33. R4e3 Kg8 34. Rf3 Qg7 35. Bb1 Kh8 36. Rfe3 Qf6
37. Re4 Kg7 38. Rd4 Qg5 39. Rf4 f5 40. h4 Qf6 41. h5 Qc3
42. Qxc3+ Rxc3 43. hxg6 Kxg6 44. Rg4+ Kh7 45. a4 Rf7 46. Rf4
Kg6 47. a5 Ne7 48. Rd4 Kg5 49. Ne2 Rc8 50. Nf4 Kf6 51. Bd3
Rff8 52. Ne6 Rg8 53. Nf4 Rc3 54. Rb1 Rb8 55. Ne2 Rc7 56. g3
Be8 57. Rh4 Kg7 58. Nd4 Bd7 59. b5 Nxd5 60. Bxf5 Nc3 61. Re1
Bxf5 1-0

[Event "North Urals Cup"]
[Site "Krasnoturinsk RUS"]
[Date "2008.07.29"]
[EventDate "2008.07.27"]
[Round "3"]
[Result "1/2-1/2"]
[White "Anna Ushenina"]
[Black "Antoaneta Stefanova"]
[WhiteElo "2476"]
[BlackElo "2550"]
[PlyCount "28"]

1. d4 d5 2. c4 c6 3. Nc3 Nf6 4. Nf3 a6 5. Ne5 e6 6. Bf4 dxc4
7. Nxc4 b5 8. Ne5 c5 9. dxc5 Qxd1+ 10. Rxd1 Bxc5 11. e3 Bb7
12. Be2 Nbd7 13. O-O Nxe5 14. Bxe5 Ke7 1/2-1/2

[Event "North Urals Cup"]
[Site "Krasnoturinsk RUS"]
[Date "2008.08.01"]
[EventDate "2008.07.27"]
[Round "5"]
[Result "1-0"]
[White "Antoaneta Stefanova"]
[Black "Marie Sebag"]
[WhiteElo "2550"]
[BlackElo "2530"]
[PlyCount "99"]

1. d4 d5 2. c4 c6 3. Nf3 Nf6 4. e3 Bf5 5. Nc3 e6 6. Nh4 Bg6
7. Nxg6 hxg6 8. Bd2 Nbd7 9. g3 Bb4 10. Qb3 a5 11. Bg2 Nb6
12. c5 Nc4 13. Bc1 b6 14. a3 Bxc3+ 15. Qxc3 a4 16. cxb6 Qxb6
17. Rb1 Rb8 18. O-O Qb5 19. Bf3 Ne4 20. Bxe4 dxe4 21. f3 Nd6
22. Qc2 f5 23. Qc5 Kd7 24. Qe5 Rh7 25. Bd2 exf3 26. Bb4 Ne4
27. Qxb5 cxb5 28. Rxf3 Rbh8 29. h4 g5 30. d5 gxh4 31. g4 exd5
32. Rxf5 Ke6 33. Rc1 g6 34. Rc6+ Kd7 35. Rxg6 h3 36. Kh2 Kc7
37. Rxd5 Rf7 38. Rf5 Rhh7 39. Rxf7+ Rxf7 40. Kxh3 Rf3+ 41. Kh4
Rxe3 42. g5 Nf2 43. Rg7+ Kc6 44. Kh5 Rh3+ 45. Kg6 Nd1 46. Rh7
Rb3 47. Rh6 Nxb2 48. Kh7+ Kd5 49. g6 Rg3 50. g7 1-0

[Event "North Urals Cup"]
[Site "Krasnoturinsk RUS"]
[Date "2008.08.02"]
[EventDate "2008.07.27"]
[Round "6"]
[Result "1-0"]
[White "Pia Cramling"]
[Black "Antoaneta Stefanova"]
[WhiteElo "2544"]
[BlackElo "2550"]
[PlyCount "183"]

1. d4 d5 2. Nf3 Nf6 3. c4 c6 4. Nc3 a6 5. a4 e6 6. g3 dxc4
7. Bg2 c5 8. dxc5 Qxd1+ 9. Nxd1 Nc6 10. Ne3 Na5 11. Nd2 Bxc5
12. Nexc4 Nxc4 13. Nxc4 Bb4+ 14. Bd2 Bxd2+ 15. Kxd2 Ke7
16. Rhc1 Rb8 17. Nb6 Rd8+ 18. Ke1 Nd5 19. Bxd5 exd5 20. Rc7+
Kf6 21. Nxc8 Rdxc8 22. Rac1 Re8 23. R1c3 Kg6 24. Rd7 Re4
25. a5 d4 26. Rb3 Re5 27. Rbxb7 Rxb7 28. Rxb7 Rxa5 29. Kd2 Ra1
30. Rb4 Rb1 31. Rb6+ Kf5 32. Rxa6 Rxb2+ 33. Kd3 Ke5 34. Ra5+
Ke6 35. h4 g6 36. Ra4 Ke5 37. Rxd4 Rb3+ 38. Kc4 Rb2 39. Rf4
Ke6 40. Kd3 h5 41. Ra4 Kf6 42. Ke3 Rc2 43. Kf3 Rb2 44. Re4
Rb3+ 45. Kf4 Rb2 46. f3 Rb1 47. Ra4 Rb5 48. Ra6+ Kg7 49. e4
Rb4 50. Ra3 Kf6 51. Ke3 Rb6 52. Kf4 Rb4 53. Ra5 Rc4 54. g4
hxg4 55. Kxg4 Rb4 56. h5 gxh5+ 57. Kxh5 Rb6 58. Kg4 Rc6
59. Rh5 Kg6 60. Rg5+ Kf6 61. Rg8 Rc4 62. Re8 Kg6 63. Rg8+ Kf6
64. Kf4 Ra4 65. Rb8 Ra6 66. Rd8 Kg6 67. Rg8+ Kf6 68. Kg4 Ra1
69. Rb8 Rg1+ 70. Kf4 Rf1 71. Rb6+ Kg7 72. e5 Ra1 73. Kf5 Ra5
74. Rb7 Ra6 75. f4 Rc6 76. Rd7 Ra6 77. Ke4 Ra4+ 78. Rd4 Ra1
79. f5 Re1+ 80. Kd5 Rf1 81. f6+ Kg6 82. Kd6 Ra1 83. Ke7 Ra7+
84. Rd7 Ra5 85. e6 Re5 86. Rd6 Re1 87. Kf8 fxe6 88. f7 Rf1
89. Rxe6+ Kh7 90. Re2 Ra1 91. Rh2+ Kg6 92. Kg8 1-0

[Event "Women's World Championship"]
[Site "Nalchik RUS"]
[Date "2008.09.01"]
[EventDate "2008.08.29"]
[Round "2.1"]
[Result "1/2-1/2"]
[White "Antoaneta Stefanova"]
[Black "Ju Wenjun"]
[WhiteElo "2550"]
[BlackElo "2389"]
[PlyCount "102"]

1. d4 Nf6 2. Nf3 g6 3. Bg5 Bg7 4. Nbd2 O-O 5. e4 d5 6. Bd3
dxe4 7. Nxe4 Nbd7 8. c3 Nxe4 9. Bxe4 Nf6 10. Bd3 b6 11. O-O
Bb7 12. Re1 e6 13. a4 a5 14. Qe2 Qd5 15. Qd2 Qd6 16. Ne5 Rac8
17. Nc4 Qd5 18. f3 Qd7 19. Qf2 Nd5 20. Be4 Ba6 21. Ne5 Qd6
22. Ng4 f5 23. Bxd5 Qxd5 24. Ne5 Bc4 25. Qe3 Bxe5 26. dxe5 Qc5
27. Qxc5 bxc5 28. Be7 Rfe8 29. Bxc5 Bb3 30. Ra3 Rb8 31. Bb4
Bd5 32. Bxa5 Rxb2 33. Bxc7 g5 34. a5 g4 35. c4 gxf3 36. gxf3
Bxc4 37. Rc1 Bd5 38. Bd6 Kh8 39. Kf1 Rxh2 40. Rc7 Rb8
41. Rxh7+ Kxh7 42. Bxb8 Ra2 43. Rxa2 Bxa2 44. Ke2 Kg7 45. Ke3
Kf7 46. Kd4 Ke7 47. f4 Kd7 48. Kc5 Kc8 49. Bd6 Kb7 50. Kb5 Ka8
51. Kb6 Bb3 1/2-1/2

[Event "Women's World Championship"]
[Site "Nalchik RUS"]
[Date "2008.09.01"]
[EventDate "2008.08.29"]
[Round "2.2"]
[Result "1/2-1/2"]
[White "Ju Wenjun"]
[Black "Antoaneta Stefanova"]
[WhiteElo "2389"]
[BlackElo "2550"]
[PlyCount "114"]

1. d4 d5 2. Nf3 c6 3. c4 Nf6 4. Nc3 e6 5. e3 a6 6. Bd3 dxc4
7. Bxc4 b5 8. Bd3 c5 9. a4 b4 10. Ne4 Nbd7 11. Nxf6+ Nxf6
12. dxc5 Bb7 13. Qe2 Ne4 14. c6 Bxc6 15. Bxa6 Qb6 16. Bc4 Rxa4
17. Rxa4 Bxa4 18. b3 Nc3 19. Qd3 Bc6 20. Ne5 Be7 21. O-O O-O
22. Bb2 Rd8 23. Qc2 Be4 24. Qc1 Qa5 25. Nf3 Bf6 26. Nd4 h5
27. Re1 h4 28. h3 Bb7 29. Bf1 Rc8 30. Qa1 Qd5 31. Qa7 Be7
32. Ne2 Nb5 33. Qa1 Ra8 34. Qd1 Ra2 35. Nf4 Qxd1 36. Rxd1 Rxb2
37. Bxb5 Be4 38. Bc4 g5 39. Nd3 Ra2 40. Kf1 Kg7 41. Kg1 Ra5
42. Kf1 Kf8 43. f3 Bb7 44. Ke2 Bd6 45. Rd2 Ke7 46. e4 f5
47. exf5 exf5 48. Ke3 Ra1 49. Kd4 Ra5 50. Re2+ Kd7 51. Ne5+
Kc7 52. Nf7 Bf4 53. Re7+ Kb6 54. Re6+ Ka7 55. Re7 Kb6 56. Re6+
Ka7 57. Re7 Kb6 1/2-1/2

[Event "Women's World Championship"]
[Site "Nalchik RUS"]
[Date "2008.09.03"]
[EventDate "2008.08.29"]
[Round "2.3"]
[Result "0-1"]
[White "Ju Wenjun"]
[Black "Antoaneta Stefanova"]
[WhiteElo "2389"]
[BlackElo "2550"]
[PlyCount "144"]

1. d4 d5 2. c4 c6 3. Nf3 Nf6 4. Nc3 e6 5. e3 a6 6. b3 Bb4
7. Bd2 Nbd7 8. Bd3 Qe7 9. O-O O-O 10. Qc2 h6 11. Rfe1 Re8
12. e4 dxc4 13. Bxc4 e5 14. d5 Nb6 15. dxc6 bxc6 16. Ne2 Nxc4
17. Qxc4 a5 18. Ng3 c5 19. a3 Be6 20. Qc2 Bxd2 21. Nxd2 a4
22. bxa4 c4 23. Nb1 Red8 24. Nc3 Rd3 25. Nf1 Qc5 26. h3 Rad8
27. Qb2 Nh5 28. Ne3 Nf4 29. Rad1 Qd4 30. Qa1 Rb8 31. Ncd5 Qxa1
32. Rxa1 Nxd5 33. exd5 Bxd5 34. Nxd5 Rxd5 35. Rac1 Rc5 36. Rc3
Ra8 37. Rd1 Ra7 38. Rd8+ Kh7 39. Rb8 Rxa4 40. Rb4 Ra7
41. Rbxc4 Rxc4 42. Rxc4 Rxa3 43. g3 Kg6 44. Rc7 e4 45. h4 Ra1+
46. Kg2 Ra2 47. Kg1 Kf6 48. Rb7 Rd2 49. Rb4 Kf5 50. Rb7 Ke6
51. Kf1 g6 52. Ra7 Rc2 53. Kg1 Rb2 54. Ra8 Kf5 55. Ra7 Kg4
56. Rxf7 Kh3 57. Kf1 e3 58. fxe3 Rb1+ 59. Kf2 Rb2+ 60. Kf3 Rg2
61. e4 Rxg3+ 62. Kf4 Kxh4 63. Rh7 h5 64. Ke5 Re3 65. Kf4 Re1
66. e5 g5+ 67. Kf5 g4 68. e6 g3 69. Rg7 Kh3 70. Kf6 h4 71. Rg5
g2 72. e7 Kh2 0-1

[Event "Women's World Championship"]
[Site "Nalchik RUS"]
[Date "2008.09.03"]
[EventDate "2008.08.29"]
[Round "2.4"]
[Result "1-0"]
[White "Antoaneta Stefanova"]
[Black "Ju Wenjun"]
[WhiteElo "2550"]
[BlackElo "2389"]
[PlyCount "97"]

1. d4 Nf6 2. Bg5 c5 3. Bxf6 gxf6 4. d5 Qb6 5. Qc1 f5 6. c4 Bg7
7. Nc3 d6 8. e3 Na6 9. Nge2 Bd7 10. Nf4 Rg8 11. Be2 Nc7
12. O-O e6 13. Qc2 Bh6 14. a3 a5 15. b3 Ke7 16. Rab1 Rg5
17. Nh5 Rag8 18. Ng3 Bg7 19. f4 Rg6 20. Bf3 h5 21. Bxh5 Rh6
22. Bf3 Bf6 23. Rfd1 Rgh8 24. Nf1 e5 25. fxe5 Bxe5 26. Ne2 Ne8
27. Nf4 Nf6 28. Nd3 Bxh2+ 29. Nxh2 Rxh2 30. Kf2 Qd8 31. Nf4
Qg8 32. b4 b6 33. bxc5 bxc5 34. Rb7 Qg5 35. Rdb1 R8h4 36. Qa4
Rxf4 37. exf4 Qxf4 38. Rxd7+ Kf8 39. Ke2 Qe5+ 40. Kd3 Rh4
41. Rd8+ Kg7 42. Kc2 Qe3 43. Rd1 Ne4 44. Qb3 Qf2+ 45. Kb1 Nf6
46. Rxd6 Rd4 47. Rxd4 cxd4 48. Rxf6 Kxf6 49. Qd3 1-0

[Event "Women's World Championship"]
[Site "Nalchik RUS"]
[Date "2008.09.04"]
[EventDate "2008.08.29"]
[Round "3.1"]
[Result "0-1"]
[White "Inna Gaponenko"]
[Black "Antoaneta Stefanova"]
[WhiteElo "2468"]
[BlackElo "2550"]
[PlyCount "52"]

1. e4 e5 2. Nf3 Nc6 3. Bb5 a6 4. Bxc6 dxc6 5. O-O Qf6 6. h3
Ne7 7. c3 Ng6 8. d4 Bd6 9. Bg5 Qe6 10. dxe5 Nxe5 11. Nd4 Qg6
12. f4 Bc5 13. Kh1 f6 14. Bh4 Qh6 15. Bg3 Bxh3 16. Kg1 Bg4
17. Qb3 O-O-O 18. Na3 Nd3 19. Nac2 Be2 20. Qc4 Qg6 21. Kh2
Qh5+ 22. Kg1 Nxf4 23. Qb3 Bxf1 24. Bxf4 Bd3 25. Be3 Rhe8
26. Ne6 Bxc2 0-1